[Event "2nd Goa GM Open 2019"]
[Site "Goa"]
[Date "2019.06.19"]
[Round "2.7"]
[White "Neelash Saha"]
[Black "Stupak, Kirill"]
[Result "1/2-1/2"]
[WhiteElo "2315"]
[BlackElo "2584"]
[Annotator "RC"]
[PlyCount "233"]
[EventDate "2019.06.17"]
[EventType "swiss"]
[EventCountry "IND"]
[SourceTitle "playchess.com"]
[Source "ChessBase"]
[SourceQuality "1"]
[TimeControl "5400+30"]

1. d4 {[%emt 0:00:00]} g6 {[%emt 0:00:00]} 2. e4 {[%emt 0:02:04]} Bg7 {[%emt 0:03:12]} 3. Nc3 {[%emt 0:00:05]} d6 {[%emt 0:00:06]} 4. Be2 {[%emt 0:00:04]} Nf6 {[%emt 0:00:18]} 5. h4 {[%emt 0:00:05]} c5 {[%emt 0:04:58]} 6. d5 {[%emt 0:18:54]} Na6 {[%emt 0:09:23]} 7. Nh3 {[%emt 0:07:32]} Nc7 {[%emt 0:01:01]} 8. h5 {[%emt 0:00:26]} e6 {[%emt 0:06:21]} 9. dxe6 {[%emt 0:05:24]} Nxe6 {[%emt 0:09:51]} 10. h6 {[%emt 0:02:24]} Bf8 {[%emt 0:00:27]} 11. Be3 {[%emt 0:03:48]} a6 {[%emt 0:06:26]} 12. g4 {[%emt 0:09:19]} b5 {[%emt 0:01:49]} 13. g5 {[%emt 0:00:03]} b4 {[%emt 0:01:50]} 14. Nd5 {[%emt 0:00:05]} Nxd5 {[%emt 0:00:40]} 15. Qxd5 {[%emt 0:01:41]} Nc7 {[%emt 0:03:38]} 16. Qd2 {[%emt 0:01:22]} Bb7 {[%emt 0:00:56]} 17. O-O-O {[%emt 0:00:13]} Be7 {[%emt 0:04:20]} 18. f3 {[%emt 0:03:52]} d5 {[%emt 0:01:46]} 19. Qe1 {[%emt 0:03:27]} d4 {[%emt 0:04:40]} 20. Qg3 {[%emt 0:03:04]} Ne6 {[%emt 0:04:12]} 21. Bd2 {[%emt 0:03:56]} Bd6 {[%emt 0:08:22]} 22. Qg2 {[%emt 0:00:05]} Qc7 {[%emt 0:01:16]} 23. Bc4 {[%emt 0:00:05]} O-O-O {[%emt 0:00:54]} 24. Qe2 {[%emt 0:01:02]} a5 {[%emt 0:10:51]} 25. f4 {[%emt 0:05:08]} Rhe8 {[%emt 0:00:46]} 26. Rhe1 {[%emt 0:00:39]} Kb8 {[%emt 0:03:25]} 27. Qg4 {[%emt 0:00:34]} Bc8 {[%emt 0:03:00]} 28. Qf3 {[%emt 0:01:45]} Bb7 {[%emt 0:02:10]} 29. Rf1 {[%emt 0:02:18]} Nf8 {[%emt 0:01:15]} 30. Rde1 {[%emt 0:00:06]} Nd7 {[%emt 0:00:04]} 31. Bxf7 Rf8 32. Be6 {[%emt 0:02:10]} c4 {[%emt 0:00:19]} 33. Bxd7 {[%emt 0:01:24]} Rxd7 {[%emt 0:00:45]} 34. Kb1 {[%emt 0:00:16]} c3 {[%emt 0:01:11]} 35. Bc1 {[%emt 0:00:06]} Ba6 {[%emt 0:00:20]} 36. Rd1 {[%emt 0:05:50]} Rc8 {[%emt 0:02:12]} 37. Rf2 {[%emt 0:03:45]} d3 {[%emt 0:00:16]} 38. Rxd3 {[%emt 0:01:51]} Bxd3 {[%emt 0:00:06]} 39. cxd3 {[%emt 0:00:13]} Bc5 {[%emt 0:02:50]} 40. Rc2 {[%emt 0:01:03]} Rcd8 {[%emt 0:00:14]} 41. Nf2 {[%emt 0:01:20]} Bxf2 {[%emt 0:00:48]} 42. Qxf2 {[%emt 0:00:04]} Rxd3 {[%emt 0:00:06]} 43. f5 {[%emt 0:00:03]} Rd1 {[%emt 0:02:21]} 44. fxg6 {[%emt 0:01:24]} hxg6 {[%emt 0:00:01]} 45. Qe2 {[%emt 0:00:32]} Rh1 {[%emt 0:02:23]} 46. Qb5+ {[%emt 0:00:16]} Ka7 {[%emt 0:00:17]} 47. a3 {[%emt 0:02:21]} Rd2 {[%emt 0:00:09]} 48. Qa4 {[%emt 0:00:25]} Rxc2 {[%emt 0:01:04]} 49. Qxc2 {[%emt 0:00:02]} Rh2 {[%emt 0:00:12]} 50. Qb3 {[%emt 0:01:48]} Rh1 {[%emt 0:00:35]} 51. axb4 {[%emt 0:05:04]} cxb2 {[%emt 0:00:01]} 52. Qxb2 {[%emt 0:00:06]} axb4 {[%emt 0:00:13]} 53. e5 {[%emt 0:03:30]} Qc4 {[%emt 0:01:10]} 54. Qc2 {[%emt 0:02:04]} Qxc2+ {[%emt 0:00:06]} 55. Kxc2 {[%emt 0:00:05]} Kb6 {[%emt 0:00:05]} 56. Bb2 {[%emt 0:00:52]} Kc6 {[%emt 0:01:07]} 57. Kb3 {[%emt 0:01:29]} Rh4 {[%emt 0:00:01]} 58. Bc1 {[%emt 0:00:38]} Kd5 {[%emt 0:00:45]} 59. Bd2 {[%emt 0:00:05]} Rg4 {[%emt 0:00:05]} 60. Bc1 {[%emt 0:00:54]} Ke6 {[%emt 0:00:24]} 61. Bd2 {[%emt 0:00:16]} Kf5 {[%emt 0:01:21]} 62. Bc1 {[%emt 0:00:06]} Rd4 {[%emt 0:00:52]} 63. Bb2 {[%emt 0:01:23]} Rh4 {[%emt 0:00:08]} 64. Bc1 {[%emt 0:00:33]} Kxe5 {[%emt 0:00:11]} 65. Bb2+ {[%emt 0:00:17]} Kd5 {[%emt 0:00:19]} 66. Bf6 {[%emt 0:00:42]} Kc5 {[%emt 0:00:06]} 67. Bg7 {[%emt 0:00:23]} Rh3+ {[%emt 0:00:06]} 68. Ka2 {[%emt 0:00:06]} Kc4 {[%emt 0:00:03]} 69. Be5 {[%emt 0:00:20]} Kd5 {[%emt 0:01:26]} 70. Bf6 {[%emt 0:00:09]} Ke6 {[%emt 0:00:03]} 71. Bd8 {[%emt 0:00:23]} Kf5 {[%emt 0:02:11]} 72. Be7 {[%emt 0:00:38]} Rg3 {[%emt 0:00:37]} 73. Bf6 {[%emt 0:00:17]} Rh3 {[%emt 0:00:15]} 74. Be7 {[%emt 0:00:05]} Kf4 {[%emt 0:00:43]} 75. Kb2 {[%emt 0:00:18]} b3 {[%emt 0:00:32]} 76. Ka3 {[%emt 0:01:00]} Ke4 {[%emt 0:00:21]} 77. Bf6 {[%emt 0:00:25]} Kd5 {[%emt 0:00:04]} 78. Kb2 {[%emt 0:00:54]} Kc5 {[%emt 0:00:01]} 79. Bc3 {[%emt 0:00:14]} Kc4 {[%emt 0:00:06]} 80. Be5 {[%emt 0:00:04]} Kb4 {[%emt 0:00:15]} 81. Bd6+ {[%emt 0:00:02]} Kb5 {[%emt 0:00:17]} 82. Ka3 {[%emt 0:02:13]} Kc4 {[%emt 0:00:04]} 83. Be5 {[%emt 0:00:03]} Kd3 {[%emt 0:02:13]} 84. Kb2 {[%emt 0:00:19]} Ke4 {[%emt 0:00:40]} 85. Bf6 {[%emt 0:00:07]} Kd5 {[%emt 0:00:23]} 86. Ka3 {[%emt 0:00:37]} Kc5 {[%emt 0:00:00]} 87. Bg7 {[%emt 0:00:22]} Kb5 {[%emt 0:00:39]} 88. Bf6 {[%emt 0:00:08]} Kc4 {[%emt 0:00:40]} 89. Be5 {[%emt 0:00:06]} Rh5 {[%emt 0:00:05]} 90. Kb2 {[%emt 0:00:27]} Kb4 {[%emt 0:00:09]} 91. Bd6+ {[%emt 0:01:40]} Ka4 {[%emt 0:00:04]} 92. Bf4 {[%emt 0:00:15]} Rh4 {[%emt 0:00:34]} 93. Be5 {[%emt 0:00:04]} Rh3 {[%emt 0:00:04]} 94. Bf4 {[%emt 0:01:01]} Rf3 {[%emt 0:01:28]} 95. Be5 {[%emt 0:00:05]} Rf2+ {[%emt 0:00:02]} 96. Kb1 {[%emt 0:00:11]} Rf1+ {[%emt 0:01:33]} 97. Kb2 {[%emt 0:00:08]} Rh1 {[%emt 0:00:04]} 98. Bg3 {[%emt 0:01:29]} Rd1 {[%emt 0:01:22]} 99. Be5 {[%emt 0:00:16]} Rd7 {[%emt 0:00:47]} 100. Bg7 {[%emt 0:01:45]} Rd2+ {[%emt 0:00:01]} 101. Kc1 {[%emt 0:00:06]} Rh2 {[%emt 0:00:55]} 102. Be5 {[%emt 0:00:05]} Rh3 {[%emt 0:00:37]} 103. Kb2 {[%emt 0:00:06]} Rh1 {[%emt 0:00:04]} 104. Bg3 {[%emt 0:00:06]} Rf1 {[%emt 0:00:51]} 105. Be5 {[%emt 0:00:08]} Rf2+ {[%emt 0:00:17]} 106. Kb1 {[%emt 0:00:04]} Rf7 {[%emt 0:00:41]} 107. Kb2 {[%emt 0:00:30]} Kb4 {[%emt 0:00:17]} 108. Bc3+ {[%emt 0:01:39]} Kc4 {[%emt 0:00:03]} 109. Bg7 {[%emt 0:00:49]} Rf2+ {[%emt 0:00:55]} 110. Kb1 {[%emt 0:00:04]} Rh2 111. Be5 {[%emt 0:00:07]} Rh1+ {[%emt 0:00:52]} 112. Kb2 {[%emt 0:00:03]} Rh3 {[%emt 0:00:03]} 113. Ka3 {[%emt 0:00:33]} Re3 {[%emt 0:01:25]} 114. h7 {[%emt 0:00:10]} Re2 {[%emt 0:00:03]} 115. Bb2 {[%emt 0:00:03]} Re7 {[%emt 0:00:03]} 116. Bg7 {[%emt 0:00:03]} Re2 {[%emt 0:00:53]} 117. Bb2 {[%emt 0:00:05]} 1/2-1/2

[Event "2nd Goa GM Open 2019"]
[Site "Goa"]
[Date "2019.06.19"]
[Round "2.8"]
[White "Jojua, Davit"]
[Black "Rathanvel, V S"]
[Result "1/2-1/2"]
[WhiteElo "2580"]
[BlackElo "2314"]
[Annotator "TA"]
[PlyCount "60"]
[EventDate "2019.06.17"]
[EventType "swiss"]
[EventCountry "IND"]
[SourceTitle "playchess.com"]
[Source "ChessBase"]
[SourceQuality "1"]

{[%evp 17,60,26,2,0,6,15,0,22,33,34,46,30,46,45,45,30,30,32,47,47,64,58,77,41,60,18,11,0,0,0,0,0,0,-44,-37,-46,-8,0,0,0,0,0,0,0,0]} 1. d4 Nf6 2. c4 g6 3. g3 Bg7 4. Bg2 d5 5. cxd5 Nxd5 6. Nf3 Nb6 7. Nc3 Nc6 {[%cal Bb8c6,Bc6a5,Ba5c4,Bc4d2][%mdl 32]} 8. e3 O-O 9. O-O Re8 10. a3 {D76: Fianchetto Grünfeld: Main Line with 7...Nb6} e5 11. d5 Na5 12. Qc2 Bf5 $146 ({Wrong is} 12... Nxd5 $2 13. Rd1 $18) ({Predecessor:} 12... c6 13. b4 Nac4 14. dxc6 bxc6 15. Rd1 Bf5 16. e4 Bd7 17. Na4 Nxa4 18. Qxc4 {½-½ (50) Le,Q (2737)-Ivanchuk,V (2726) Huaian 2017}) 13. e4 Bd7 14. Nd2 Nac4 15. b3 Nxd2 16. Bxd2 (16. Qxd2 {looks sharper.} a5 17. a4 Nc8 18. Bb2 Nd6 19. Rac1) 16... c6 17. dxc6 Bxc6 18. Rfd1 Qf6 19. Be3 Bf8 20. b4 Rec8 {With the idea ...Ba4!} 21. Bxb6 axb6 22. Bh3 Ba4 $1 {[%cal Ra4c2]} 23. Qxa4 Rxa4 24. Bxc8 Ra8 25. Bxb7 (25. Nd5 $5 {[%cal Rd5f6]} Qf3 {[#]} 26. Bg4 $1 $11 {[%mdl 512]}) 25... Rb8 (25... Ra7 $5 26. Bd5 $8 Qf3 $11) 26. Bd5 Qf3 $1 {[%cal Rf3c3]} 27. Na4 {The position is equal.} Bh6 {...Rc8 is the strong threat.} 28. Nb2 {[#]} Be3 $1 {[%mdl 512]} 29. fxe3 Qxe3+ 30. Kf1 {Threatens to win with Nc4.} Qf3+ {Accuracy: White = 68%, Black = 68%.} 1/2-1/2

[Event "2nd Goa GM Open 2019"]
[Site "Goa"]
[Date "2019.06.19"]
[Round "2.9"]
[White "Kathmale, Sameer"]
[Black "Turov, Maxim"]
[Result "1/2-1/2"]
[WhiteElo "2307"]
[BlackElo "2579"]
[Annotator "TA"]
[PlyCount "60"]
[EventDate "2019.06.17"]
[EventType "swiss"]
[EventCountry "IND"]
[SourceTitle "playchess.com"]
[Source "ChessBase"]
[SourceQuality "1"]

{[%evp 17,60,30,34,26,30,39,37,33,39,45,87,91,85,46,42,52,125,75,82,1,55,48,87,78,105,98,79,33,37,26,27,33,20,0,0,0,0,-7,0,0,0,0,0,0,0]} 1. e4 c5 2. Nf3 Nc6 3. d4 cxd4 4. Nxd4 e5 5. Nb5 d6 6. c4 Be7 7. N1c3 a6 8. Na3 f5 9. exf5 Bxf5 10. Nc2 {B32: Sicilian: Löwenthal and Kalashnikov Variations} Nf6 11. Ne3 (11. Bd3 Be6 12. O-O O-O 13. b3 Qd7 14. Bb2 Bd8 15. Ne4 Bb6 16. Qe2 Rad8 17. Kh1 Nxe4 18. Bxe4 {½-½ (50) Yu,Y (2764)-Potapov,P (2516) St Petersburg 2018}) 11... Be6 12. g3 {White is slightly better.} Rc8 13. Bg2 $1 Na5 14. b3 b5 15. Ncd5 bxc4 16. Ba3 $146 ({Predecessor:} 16. bxc4 Nxc4 17. Qa4+ Kf7 18. Nxe7 Qxe7 19. Qxa6 {0-1 (40) Rytshagov,M (2465)-Sveshnikov,E (2557) Tallinn 2004}) 16... Nc6 (16... Nxd5 $14 17. Bxd5 Qd7) 17. O-O ({Reject} 17. Nxc4 $6 Bxd5 18. Bxd5 Nd4 $11) 17... Nd4 18. bxc4 (18. Nxe7 $16 Qxe7 19. bxc4) 18... O-O (18... Nxd5 $11 19. Nxd5 Rxc4) 19. f4 $14 Bxd5 20. Nxd5 Nxd5 21. Bxd5+ Kh8 22. fxe5 dxe5 23. Rxf8+ Qxf8 24. Bxe7 Qxe7 25. Qg4 {The position is equal.} Qc5 26. Kh1 Nc2 27. Be4 {[#] Hoping for Qf5!} Nxa1 28. Qf5 {[%csl Ge4][%cal Rf5h7]} Kg8 {Threatens to win with ...g6.} 29. Bd5+ Kh8 30. Be4 {[%csl Ge4][%cal Rf5h7]} Kg8 {Accuracy: White = 52%, Black = 36%.} 1/2-1/2

[Event "2nd Goa GM Open 2019"]
[Site "Goa"]
[Date "2019.06.19"]
[Round "2.10"]
[White "Petrosyan, Manuel"]
[Black "Priyanka Nutakki"]
[Result "1-0"]
[WhiteElo "2573"]
[BlackElo "2302"]
[Annotator "TA"]
[PlyCount "53"]
[EventDate "2019.06.17"]
[EventType "swiss"]
[EventCountry "IND"]
[SourceTitle "playchess.com"]
[Source "ChessBase"]
[SourceQuality "1"]

{[%evp 12,53,23,27,18,20,45,2,2,0,50,37,56,56,59,63,68,43,51,54,91,102,120,100,192,189,185,190,191,191,215,204,279,172,214,232,233,238,248,251,327,342,314,289]} 1. Nf3 Nf6 2. c4 e6 3. g3 d5 4. Bg2 Be7 5. O-O O-O 6. b3 a5 7. Nc3 d4 {A14: English Opening: 1...e6 with b3 by White} (7... c6 8. Bb2 Nbd7 9. d4 Rb8 10. Ne5 Bd6 11. f4 Ne8 12. e3 Bb4 13. Ne2 Be7 14. Qc2 Nd6 15. g4 f6 16. Nxd7 Bxd7 17. f5 {1-0 (69) Grandelius,N (2687)-Saduakassova,D (2461) Reykjavik 2019}) 8. Nb5 Nc6 9. d3 e5 {The position is equal.} 10. e3 Bf5 {Threatening ...dxe3.} 11. exd4 exd4 12. Bf4 Ne8 $146 ({Predecessor:} 12... Rc8) 13. Re1 Be6 14. Ne5 Ra6 $1 15. h4 $36 {[%mdl 2048] White is pushing.} Bf6 16. Qe2 a4 17. bxa4 Bd7 (17... Nxe5 $16 18. Bxe5 c6) 18. Nxd7 $18 Qxd7 19. Qc2 Be7 20. c5 Nd8 21. Qc4 Bf6 22. Be5 Bxe5 23. Rxe5 Nf6 24. Rae1 ({Less strong is} 24. Qxd4 Qxd4 25. Nxd4 Rxa4 $16) 24... Nc6 25. Bxc6 $1 bxc6 26. Nxd4 Raa8 27. Nf5 {Accuracy: White = 82%, Black = 33%.} 1-0

[Event "2nd Goa GM Open 2019"]
[Site "Goa"]
[Date "2019.06.19"]
[Round "2.11"]
[White "Siva Mahadevan"]
[Black "Deepan Chakkravarthy J."]
[Result "0-1"]
[WhiteElo "2298"]
[BlackElo "2557"]
[Annotator "ChessBase"]
[PlyCount "100"]
[EventDate "2019.06.17"]
[EventType "swiss"]
[EventCountry "IND"]
[SourceTitle "playchess.com"]
[Source "ChessBase"]
[SourceQuality "1"]
[TimeControl "5400+30"]

1. d4 {[%emt 0:00:00]} Nf6 {[%emt 0:01:06]} 2. c4 {[%emt 0:00:00]} g6 {[%emt 0:00:34]} 3. Nc3 {[%emt 0:00:00]} d5 {[%emt 0:00:05]} 4. cxd5 {[%emt 0:01:33]} Nxd5 {[%emt 0:00:07]} 5. e4 {[%emt 0:00:40]} Nxc3 {[%emt 0:00:06]} 6. bxc3 {[%emt 0:00:04]} Bg7 {[%emt 0:00:26]} 7. Nf3 {[%emt 0:00:16]} c5 {[%emt 0:01:07]} 8. Rb1 {[%emt 0:00:05]} O-O {[%emt 0:02:22]} 9. Be2 {[%emt 0:00:02]} Nd7 {[%emt 0:04:28]} 10. O-O {[%emt 0:01:34]} b6 {[%emt 0:08:42]} 11. Qd3 {[%emt 0:02:45]} Nf6 {[%emt 0:11:10]} 12. Ba3 {[%emt 0:19:44]} Qc7 {[%emt 0:15:46]} 13. e5 {[%emt 0:12:23]} Bf5 {[%emt 0:04:21]} 14. Qd2 {[%emt 0:02:42]} Ne4 {[%emt 0:06:09]} 15. Qe3 {[%emt 0:00:42]} cxd4 {[%emt 0:00:05]} 16. cxd4 {[%emt 0:00:09]} Nc3 {[%emt 0:00:05]} 17. Rbc1 {[%emt 0:00:14]} Nxe2+ {[%emt 0:00:30]} 18. Qxe2 {[%emt 0:00:02]} Qb7 {[%emt 0:00:07]} 19. Rc3 {[%emt 0:08:32]} Rfc8 {[%emt 0:02:36]} 20. Rfc1 {[%emt 0:01:51]} Bh6 {[%emt 0:05:46]} 21. Rxc8+ {[%emt 0:00:28]} Rxc8 {[%emt 0:00:01]} 22. Rxc8+ {[%emt 0:00:11]} Bxc8 {[%emt 0:00:04]} 23. Qb5 {[%emt 0:08:21]} Bd7 {[%emt 0:00:49]} 24. Qb4 {[%emt 0:01:08]} Bf8 {[%emt 0:00:14]} 25. Bc1 {[%emt 0:06:35]} Bc6 {[%emt 0:02:38]} 26. Qc3 {[%emt 0:04:04]} Bd5 {[%emt 0:00:45]} 27. a3 {[%emt 0:00:32]} Qc6 {[%emt 0:00:23]} 28. Qxc6 {[%emt 0:01:18]} Bxc6 {[%emt 0:00:27]} 29. Kf1 {[%emt 0:00:15]} f6 {[%emt 0:00:59]} 30. Bb2 {[%emt 0:02:46]} Kf7 {[%emt 0:00:59]} 31. Ke2 {[%emt 0:00:30]} Ke6 {[%emt 0:00:11]} 32. Ne1 {[%emt 0:03:18]} fxe5 {[%emt 0:12:00]} 33. dxe5 {[%emt 0:00:18]} Bg7 {[%emt 0:00:10]} 34. f4 {[%emt 0:01:33]} g5 {[%emt 0:00:12]} 35. fxg5 {[%emt 0:00:55]} Bxe5 {[%emt 0:00:06]} 36. Bxe5 {[%emt 0:00:10]} Kxe5 {[%emt 0:00:04]} 37. Ke3 {[%emt 0:03:15]} Kf5 {[%emt 0:00:47]} 38. h4 {[%emt 0:00:38]} a5 {[%emt 0:01:19]} 39. Nf3 {[%emt 0:03:39]} Be8 {[%emt 0:05:14]} 40. Kd4 {[%emt 0:04:46]} Kg4 {[%emt 0:05:36]} 41. Kd5 {[%emt 0:05:56]} b5 {[%emt 0:00:44]} 42. Ke6 {[%emt 0:03:28]} b4 {[%emt 0:00:37]} 43. axb4 {[%emt 0:00:09]} axb4 {[%emt 0:00:02]} 44. Kxe7 {[%emt 0:00:38]} Bg6 {[%emt 0:00:06]} 45. Nd4 {[%emt 0:03:37]} Kxh4 {[%emt 0:00:10]} 46. Kf6 {[%emt 0:00:14]} Kg4 {[%emt 0:00:40]} 47. Ke5 {[%emt 0:00:23]} Kxg5 {[%emt 0:00:20]} 48. Kd5 {[%emt 0:00:58]} b3 {[%emt 0:00:46]} 49. Nxb3 {[%emt 0:00:19]} Bf7+ {[%emt 0:00:04]} 50. Kd4 {[%emt 0:00:04]} Bxb3 {[%emt 0:00:03]} 0-1

[Event "2nd Goa GM Open 2019"]
[Site "Goa"]
[Date "2019.06.19"]
[Round "2.12"]
[White "Paichadze, Luka"]
[Black "Babiy, Olga"]
[Result "1-0"]
[WhiteElo "2557"]
[BlackElo "2294"]
[Annotator "TA"]
[PlyCount "75"]
[EventDate "2019.06.17"]
[EventType "swiss"]
[EventCountry "IND"]
[SourceTitle "playchess.com"]
[Source "ChessBase"]
[SourceQuality "1"]

{[%evp 9,75,19,19,18,21,18,17,5,13,0,12,11,16,15,37,10,8,14,10,25,12,19,27,12,23,22,0,0,66,62,59,66,70,66,66,62,63,18,102,101,147,56,102,92,163,146,334,305,323,333,326,325,535,538,731,678,733,729,752,758,752,340,1302,1300,1272,1204,1051,1033]} 1. e4 c6 2. d4 d5 3. e5 Bf5 4. h4 h5 5. Bd3 Bxd3 6. Qxd3 {B12: Caro-Kann: Advance Variation} Qa5+ 7. Nd2 {Threatening e6!} e6 8. Ngf3 {The position is equal.} Nh6 9. O-O Be7 $146 ({Predecessor:} 9... Qa6 10. c4 Nf5 11. b3 Nd7 12. a4 Rc8 {1-0 (45) Ponkratov,P (2613)-Saric,I (2669) Katowice 2017}) 10. Nb3 Qa6 11. Qc3 Nd7 12. Bg5 (12. Bxh6 $5 Rxh6 13. g3 $14) 12... Bxg5 13. hxg5 Nf5 14. g6 {aiming for Ng5.} Rh6 15. gxf7+ Kxf7 16. Nc1 Rg6 17. Qd2 c5 18. c3 Rg4 (18... Rf8 $11) 19. Nh2 $14 Rg6 20. Ne2 Rf8 21. Nf4 Rh6 22. Nf3 Kg8 23. g3 Ne7 (23... Qa5 $1 $11) 24. Kg2 $16 Ng6 {[#]} 25. Nh3 (25. Nxg6 $1 $16 Rxg6 26. Rh1) 25... h4 26. Nfg5 hxg3 (26... Qc6 $16 {keeps fighting.}) 27. fxg3 $18 Ne7 $2 (27... Nh8 $16 28. b4 cxb4) 28. Rxf8+ Nxf8 29. Qf2 {Hoping for Qf7+.} ({Inferior is} 29. dxc5 Nc6 $14) 29... Nf5 30. g4 Ng6 $2 (30... Rxh3 31. Nxh3 Nh6) 31. gxf5 Nh4+ 32. Kg1 Nxf5 33. Nf4 Rh4 34. Qf3 Qb6 35. Ng2 (35. Rf1 $142 {Nxd5! is the strong threat.} Qxb2 36. Ng2) 35... Qxb2 $2 (35... Rh6 36. Rd1 g6) 36. Rf1 {White is clearly winning.} Rh6 {[#]} 37. Nxe6 $1 {[%mdl 512] White threatens Ng5 and mate.} Rg6 (37... Rxe6 38. Qxf5) 38. Qxd5 {Accuracy: White = 65%, Black = 34%.} 1-0

[Event "2nd Goa GM Open 2019"]
[Site "Goa"]
[Date "2019.06.19"]
[Round "2.13"]
[White "Fier, Alexandr"]
[Black "Raahul V S"]
[Result "1-0"]
[WhiteElo "2543"]
[BlackElo "2292"]
[Annotator "TA"]
[PlyCount "65"]
[EventDate "2019.06.17"]
[EventType "swiss"]
[EventCountry "IND"]
[SourceTitle "playchess.com"]
[Source "ChessBase"]
[SourceQuality "1"]

{[%evp 18,65,17,1,71,58,58,62,74,67,66,70,89,57,98,97,70,56,126,124,114,87,122,115,129,113,129,84,193,178,178,116,103,102,129,55,66,66,95,96,57,64,50,88,363,321,560,545,597,566]} 1. d4 Nf6 2. c4 g6 3. g3 Bg7 4. Bg2 d5 5. cxd5 Nxd5 6. Nc3 Nb6 7. Nf3 Nc6 8. O-O O-O 9. d5 Na5 10. e4 e6 {D76: Fianchetto Grünfeld: Main Line with 7...Nb6} (10... c6 $11) (10... c6 11. Bf4 Nac4 12. b3 Bxc3 13. bxc4 Bxa1 14. Qxa1 Nxc4 15. Bh6 f6 16. Bxf8 Qxf8 17. dxc6 bxc6 18. Rc1 Be6 19. Bf1 {½-½ (42) Giri,A (2762)-Navara,D (2726) Heraklio 2017}) 11. Bg5 $16 f6 12. Be3 Nac4 {White is slightly better.} 13. Bc5 Re8 14. b3 Nd6 {[#]} 15. Rc1 $146 ({Predecessor:} 15. dxe6 Bxe6 16. Nd4 Bf7 17. Qc2 Nbc8 18. Rad1 {1-0 (31) Timofeev,A (2659)-Przezdziecka,M (2249) Warsaw 2011}) 15... a6 16. dxe6 Bxe6 17. Qc2 Nf7 (17... Nd7 $14 18. Be3 Bg4) 18. Nd4 Bg4 19. Nd5 f5 {[#]} 20. Bxb6 $1 cxb6 21. exf5 Bxd4 22. Qc4 Be2 (22... Bb2 $16 {was called for.} 23. Qxg4 Bxc1) 23. Qxd4 $18 Bxf1 24. fxg6 (24. Nf6+ $18 Kh8 25. Qa1) 24... hxg6 $16 {...Bxg2 is the strong threat.} 25. Kxf1 {Hoping for Rc7.} Re5 26. f4 ({Inferior is} 26. Qxb6 Rxd5 27. Qxg6+ Kf8 $11) (26. h4 $16) 26... Re6 $1 $14 27. Rc7 $36 {[%mdl 2048] Black is under pressure.} Rc8 {[#]} 28. Ne7+ $1 ({Of course not} 28. Rxb7 $6 Rc1+ 29. Kf2 Rc2+ 30. Kg1 Rxa2 $11) 28... Kh7 29. Qxd8 Rxd8 30. Bd5 Red6 $2 {[%mdl 8192]} (30... Rf6 $16) 31. Bxf7 $18 {Strongly threatening Be6!} R8d7 $2 (31... R6d7 32. Nd5 (32. Bxg6+ Kg7 $16) 32... Rxc7 33. Nxc7 Rd7) 32. Bxg6+ Kh6 33. Be4 {Accuracy: White = 62%, Black = 27%.} ({Weaker is} 33. Rxd7 Rxd7 34. h4 Kg7 $16) 1-0

[Event "2nd Goa GM Open 2019"]
[Site "Goa"]
[Date "2019.06.19"]
[Round "2.14"]
[White "Konguvel, Ponnuswamy"]
[Black "Gukesh D"]
[Result "1-0"]
[WhiteElo "2293"]
[BlackElo "2543"]
[Annotator "TA"]
[PlyCount "121"]
[EventDate "2019.06.17"]
[EventType "swiss"]
[EventCountry "IND"]
[SourceTitle "playchess.com"]
[Source "ChessBase"]
[SourceQuality "1"]

{[%evp 16,129,63,50,50,57,71,68,70,53,91,84,121,73,73,75,88,77,107,86,84,54,62,34,45,28,68,33,41,41,43,44,68,0,0,-36,-35,-38,-33,-33,0,0,0,0,0,0,0,-14,0,0,0,-52,-30,-77,0,0,20,0,0,0,0,0,0,0,0,0,0,0,0,0,0,0,0,0,0,0,1045,1007,1581,1608,1495,1489,2020,1912,1546,1404,1940,1688,2453,1001,988,0,2317,2414,2278,2118,2507,2439,2329,2294,2088,1664,6427,5493,4134,3498,29981,29982,29986,29987,29988,29989,29989,29990,29992,29993]} 1. e4 g6 2. d4 Bg7 3. Nf3 d6 4. c3 Nf6 5. Bd3 O-O 6. O-O Nc6 7. d5 Nb8 8. c4 e5 9. Nc3 Nh5 {B07: Pirc Defence: Miscellaneous Systems} (9... h5 10. Bg5 Qe8 11. Nb5 Na6 12. b4 Nh7 13. Bd2 f5 14. Qc2 Rf7 15. Rfe1 f4 16. c5 Qd8 17. c6 {0-1 (40) Markowski,T (2572)-Fedoseev,V (2668) Warsaw 2014}) 10. Re1 Nd7 11. Bg5 $146 ({Predecessor:} 11. Rb1 Nc5 12. Bc2 a5 13. a3 Nf4 14. b4 Na6 15. Ne2 g5 16. Ng3 g4 17. Nd4 Qg5 18. Nde2 Nxe2+ 19. Qxe2 Qg6 20. Nf5 Bf6 {1-0 (20) Zezulkin,J (2473)-Mikhaletz,L (2485) Polanica Zdroj 1999}) 11... Bf6 {White is slightly better.} 12. Bh6 Ng7 13. b4 Be7 14. Qc2 Nf6 15. h3 Nfh5 16. c5 f5 17. Bc4 Kh8 18. c6 b6 19. a4 a5 20. bxa5 Rxa5 21. Nb5 g5 22. exf5 Bxf5 23. Bd3 Bxh3 24. gxh3 (24. Bxh7 $14 Rf7 25. Bg6) 24... Rxf3 $11 25. Re3 (25. Bxg7+ $5 Kxg7 26. Re3 $11) 25... Rf6 26. Bxg7+ $1 Kxg7 27. Bxh7 Nf4 (27... Qh8 $5 {[%cal Rh8h7]} 28. Be4 (28. Nxc7 Rc5 $11) 28... Bd8 $11) 28. Be4 Rh6 29. Raa3 Bf6 30. Rg3 Qe7 31. Qd1 Rh4 32. Qf3 Ra8 33. Nc3 (33. Bf5 $11) 33... Qf7 34. Nd1 {[%cal Bc3d1,Bd1e3,Be3f5][%mdl 32]} Rah8 (34... Kf8 $17) 35. Ne3 {a5 is the strong threat.} Rxh3 (35... Nxh3+ {feels hotter.} 36. Rxh3 Rxh3 37. Nf5+ Kf8 38. Qxh3 Rxh3 39. Rxh3 g4) 36. Nf5+ Kf8 $1 {Strongly threatening ...Rh1+!} 37. Rxh3 Rxh3 38. Qxh3 Nxh3+ 39. Rxh3 g4 40. Rh6 Kg8 41. Ne3 {Threatens to win with Bf5.} g3 42. fxg3 Bg5 43. Ng4 {aiming for Rg6+.} Qe7 44. Re6 Qd8 45. Kg2 Kf8 $2 {[%mdl 8192] [#]} (45... Bd2 $11) 46. Bg6 $1 $18 Qa8 47. Re8+ Qxe8 48. Bxe8 Kxe8 {[%mdl 4096] Endgame KB-KN} 49. Kf3 Kf7 50. Nf2 Kg6 51. Ne4 Bd8 52. Kg4 (52. g4 $142 Kf7 53. Ke3) 52... Be7 53. Kf3 (53. Nd2 $142 Kf6 54. Nc4) 53... Bd8 $1 {Black hopes to continue with ...Kh5.} 54. g4 Be7 55. Ke2 Kf7 56. Kd3 Ke8 57. Kc4 Kd8 58. Kb5 Bf8 59. g5 Bg7 60. g6 Bf8 {[#]} 61. Ng5 {Played: Ne4xd6} 1-0